Представление документа в формате RUSMARC

ПолеНазваниеЗначение
  Тип записи a
  Библиографический уровень m
001 Контрольный номер RU/CBS_UL/BASE/35f8c53f7a9f4d8e862b474ce5476180
005 Дата корректировки 20260114163405.3
010 Индекс ISBN __
a ISBN 978-5-4461-2419-0
b Уточнения в пер.
d Цена 583 р. 25 к.
9 Тираж 4000 экз.
100 Данные общей обработки __
a Данные общей обработки 20260114d 0rusy0189## ca
101 Язык документа 0_
a Язык текста rus
102 Страна публикации __
a Страна публикации RU
200 Заглавие и сведения об ответственности 1_
a Заглавие Моя бабушка киборг
f Первые сведения об ответственности Ю. Нам
g Последующие сведения об ответственности [пер. на рус. А. Подлеснова]
g Последующие сведения об ответственности ил. Сенгэ
210 Выходные данные 1_
a Место издания Санкт-Петербург
c Издательство Питер
d Дата издания 2025
215 Физическое описание __
a Объем 92, [3] с.
c Иллюстрации/тип воспроизводства ил.
d Формат 20,5 см.
225 Серия 2_
a Серия Вы и ваш ребёнок
300 Общие примечания __
a Общие примечания 12+
606 Тематические рубрики 0_
a Основная рубрика Корейская детская литература, 21 в. - Фантастика
610 Ключевые слова 0_
a Ключевые слова литература детская; фантастика научная; киборги; истории семейные; взаимоотношения в семье; путешествия космические
686 Индексы других классификаций __
2 Код системы rubbk
a Классификационный индекс 84(5Кор)
700 Автор _1
a Фамилия Нам
b Имя (инициалы) Ю.
g Полное личное имя Юха
801 Источник записи _0
a Страна RU
b Организация МБУК ЦБС г. Ульяновска
c Дата составления 20260114
g Правила каталогизации RCR
801 Источник записи _1
a Страна RU
b Организация МБУК ЦБС г. Ульяновска
c Дата составления 20260114
g Правила каталогизации RCR
852 Данные о местонахождении __
i Авторский знак Н 24
j Шифр хранения И(Кор)
900 Электронные ресурсы __
a Имя электронного ресурса моя баб киборг
901 Тип документа __
t Тип документа m
909 Создатель записи __
a Создатель записи obr3
b Дата создания записи 20260114